A fogyasztói döntéshozatal folyamata a kávézóiparban
| Main Author: | |
|---|---|
| Other Authors: | |
| Format: | Thesis |
| Kulcsszavak: | csoportos döntéshozatal döntéshozatal fogyasztói magatartás fogyasztói preferenciák gasztronómia |
| Online Access: | http://dolgozattar.uni-bge.hu/59624 |
MARC
| LEADER | 00000nta a2200000 i 4500 | ||
|---|---|---|---|
| 001 | dolg59624 | ||
| 005 | 20260409145324.0 | ||
| 008 | 260409suuuu hu om 000 hun d | ||
| 040 | |a BGE Dolgozattár Repozitórium |b hun | ||
| 041 | |a hu | ||
| 100 | 1 | |a Ducsai Martin | |
| 245 | 1 | 2 | |a A fogyasztói döntéshozatal folyamata a kávézóiparban |c Ducsai Martin |h [elektronikus dokumentum] |
| 520 | 3 | |a A dolgozat a fogyasztói döntéshozatal folyamatát méri fel a kávézóiparban. A kutatási eredmények alapját egy online kérdőív képezte, amelyet 207 ember töltötte ki. A dolgozat bemutatja a témával kapcsolatos szakirodalmi hátterét, amely részletezi a fogyasztói magatartás főbb fogalmait, a vásárlási döntéseket befolyásló tényezőket, illetve a kávézással kapcsolatos trendeket. A kutatási eredmények alapján megállapítható, hogy a kávézó választásnál a minőség kiemelkedően fontos tényező. Továbbá, a fiatalok gyakrabban járnak kávézóba, mint az idősebbek, így a vállalkozásoknak érdemes rájuk fókuszálni. | |
| 695 | |a csoportos döntéshozatal | ||
| 695 | |a döntéshozatal | ||
| 695 | |a fogyasztói magatartás | ||
| 695 | |a fogyasztói preferenciák | ||
| 695 | |a gasztronómia | ||
| 700 | 1 | |a Dobó Dr. Róbert |e ths | |
| 700 | 1 | |a Gábor Péter |e ths | |
| 856 | 4 | 0 | |u http://dolgozattar.uni-bge.hu/59624/1/A%20fogyaszt%C3%B3i%20d%C3%B6nt%C3%A9shozatal%20folyamata%20a%20k%C3%A1v%C3%A9z%C3%B3iparban.pdf |z Dokumentum-elérés |
| 856 | 4 | 0 | |u http://dolgozattar.uni-bge.hu/59624/2/BA%20KM%20magyar%20b%C3%ADr%C3%A1lati%20lap%20BELS%C5%90%20Ducsai%20Martin%20DR.pdf |z Dokumentum-elérés |
| 856 | 4 | 0 | |u http://dolgozattar.uni-bge.hu/59624/3/BA%20KM%20magyar%20b%C3%ADr%C3%A1lati%20lap%20K%C3%9CLS%C5%90%20Ducsai%20Martin.pdf |z Dokumentum-elérés |